[Event "36th Balaton GM 2018"]
[Site "Balatonlelle"]
[Date "2018.06.12"]
[Round "1"]
[White "Varga, Zoltan"]
[Black "Soham, Das"]
[Result "1-0"]
[WhiteElo "2470"]
[BlackElo "2355"]
[Annotator "TA"]
[PlyCount "57"]
[EventDate "2018.06.12"]
[EventType "swiss"]
[EventCountry "HUN"]
[SourceTitle "playchess.com"]
[Source "ChessBase"]
[SourceQuality "1"]

{[%evp 19,57,26,38,23,33,22,30,25,41,35,52,45,93,92,85,67,85,103,112,120,309,266,385,393,400,385,400,351,523,522,938,1211,1766,1630,3089,2716,2892,2650,29985,29986]} 1. e4 c5 2. Nf3 d6 3. d4 cxd4 4. Qxd4 a6 5. h3 (5. c4 Nc6 6. Qe3 Bg4 7. Nd4 g6 8. Nc3 Bg7 9. Nxc6 bxc6 10. h3 Be6 11. Be2 Nf6 12. O-O O-O 13. f4 Qa5 14. Bd2 {1-0 (50) Karjakin,S (2763)-Nepomniachtchi,I (2751) Moscow 2018}) 5... Nc6 6. Qe3 {B53: Sizilianisch (Ungarische Variante)} g6 7. c4 Bg7 8. Be2 Nf6 {[%cal Bg8f6,Bf6d7,Bd7e5][%mdl 32]} 9. O-O O-O 10. Nc3 Nd7 {LiveBook: 84 Partien} 11. b3 Nde5 12. Rd1 Qa5 $146 {[#] zielt auf ...Sxf3+ ab.} ({Vorgänger:} 12... Nxf3+ 13. Bxf3 Qa5 14. Bb2 {0-1 (51) Lipatov,V (2174)-Salemgareev,T (2262) Khanty-Mansiysk 2016}) 13. Bb2 Qc5 14. Qd2 Nxf3+ 15. Bxf3 Nd4 16. Bg4 {[#] Droht Sa4 und aus.} Bxg4 17. hxg4 {Und Sa4 würde nun gewinnen.} Nc6 18. Nd5 {[%cal Bc3d5,Bd5f6,Bf6d7,Bd7e5][%mdl 32]} Bxb2 19. Qxb2 e5 $2 (19... a5 $16) 20. b4 Qa7 (20... Qxc4 {kämpft weiter.} 21. Rac1 Qb5) 21. Nf6+ $18 Kg7 22. Rxd6 Nd4 23. Nd7 Rfd8 (23... Rad8 {war einen Versuch wert.} 24. c5 b5) 24. c5 {[%cal Bc4c5,Bc5d6][%mdl 32]} f6 25. g5 {[%cal Bg4g5,Bg5f6,Bf6f7][%mdl 32]} b5 26. gxf6+ Kh8 27. Nxe5 Rxd6 28. cxd6 Re8 29. f7 {Precision: Weiß = 83%, Schwarz = 27%.} 1-0

[Event "36th Balaton GM 2018"]
[Site "Balatonlelle"]
[Date "2018.06.12"]
[Round "1"]
[White "Czebe, Attila"]
[Black "Erturan, Yakup"]
[Result "1-0"]
[WhiteElo "2419"]
[BlackElo "2384"]
[Annotator "TA"]
[PlyCount "87"]
[EventDate "2018.06.12"]
[EventType "swiss"]
[EventCountry "HUN"]
[SourceTitle "playchess.com"]
[Source "ChessBase"]
[SourceQuality "1"]

{[%evp 19,87,27,35,17,18,17,14,21,103,65,91,68,67,75,75,55,60,50,64,64,93,79,94,39,97,60,87,74,100,85,106,93,89,85,85,87,78,88,96,44,88,80,102,93,135,116,151,113,110,47,131,127,136,124,148,156,251,233,233,233,469,461,505,452,674,707,637,633,1963,1971]} 1. Nf3 d5 2. g3 Nf6 3. Bg2 g6 4. d4 Bg7 5. O-O O-O 6. Nbd2 c6 7. b3 Bf5 8. Nh4 {D02: 1 d4 d5 2 Nf3 sidelines, including 2...Nf6 3 g3 and 2...Nf6 3 Bf4} Ne4 9. Bb2 Nxd2 10. Qxd2 Be6 {LiveBook: 9 Games} 11. e4 dxe4 12. Bxe4 Bd5 $146 13. Bd3 {[%cal Be4d3,Bd3f1,Bf1g2][%mdl 32]} f6 (13... Be6 $11 {keeps the balance.}) 14. Rfe1 Re8 15. c4 Bf7 16. Rad1 e6 17. Bf1 Nd7 18. Bg2 Nf8 19. f4 Qc7 20. Nf3 {[%cal Bh4f3,Bf3d2,Bd2e4,Be4g5][%mdl 32]} Rad8 21. Qc2 ({White should try} 21. Qf2 $16) 21... Rd7 (21... h6 $14) 22. Bc3 Red8 23. Qb2 Re8 24. Nd2 b6 25. Ne4 f5 26. Ng5 Red8 27. Rd3 h6 28. Nxf7 Rxf7 29. d5 ({Better is} 29. Qc1 $16) 29... Bxc3 30. Rxc3 exd5 31. cxd5 c5 32. Rce3 $36 {[%mdl 2048] Black is under strong pressure.} Qd6 33. Qe2 Qf6 34. h4 (34. Re5 $16) 34... h5 (34... g5 $1 $14) 35. Kh2 Rfd7 36. Qb5 Rd6 37. a4 a5 (37... R6d7 $16 38. a5 Kg7) 38. Re7 R8d7 39. Re8 Rd8 $2 {[#]} (39... Kf7 {keeps fighting.} 40. R8e6 Qd8) 40. R1e7 $18 {[%cal Be1e7,Be7b7,Bb7f7][%mdl 32] White is clearly winning.} Kh8 41. Rb7 Rxe8 (41... Kg8 $142 42. Rc7 Rxe8 43. Qxe8 Rd8) 42. Qxe8 Rd8 43. Qe5 Rd6 44. Rf7 {Precision: White = 39%, Black = 30%.} 1-0

[Event "36th Balaton GM 2018"]
[Site "Balatonlelle"]
[Date "2018.06.12"]
[Round "1.1"]
[White "Li, Bo"]
[Black "Fernandez, Daniel Howard"]
[Result "1/2-1/2"]
[WhiteElo "2333"]
[BlackElo "2485"]
[Annotator "TA"]
[PlyCount "152"]
[EventDate "2018.06.12"]
[EventType "swiss"]
[EventCountry "HUN"]
[SourceTitle "playchess.com"]
[Source "ChessBase"]
[SourceQuality "1"]

{[%evp 18,152,16,8,-13,-20,0,0,0,0,35,37,30,31,34,20,44,26,31,14,17,23,20,10,25,0,0,0,0,0,0,0,0,0,0,-89,-93,-97,-20,-14,-39,-102,-103,-92,-103,-103,-103,-103,-103,-103,-103,-103,-103,-101,-53,-47,-36,-36,-36,-36,-36,-78,-36,-73,-40,-40,-11,-27,-2,-2,-2,-2,0,0,0,0,0,0,0,0,0,0,0,0,0,0,0,0,0,0,0,0,0,0,0,0,0,0,0,0,0,0,0,0,0,0,0,0,0,0,0,0,0,0,0,0,0,0,0,0,0,0,0,0,0,0,0,0,0,0,0,0,0,0,0,0,0]} 1. d4 d6 2. e4 Nf6 3. f3 d5 4. e5 Nfd7 5. f4 c5 6. c3 {B07: Pirc-Ufimzew-Verteidigung} cxd4 (6... Nc6 7. Nf3 cxd4 8. cxd4 Nb6 9. Nc3 Bg4 10. Be3 e6 11. h3 Bf5 12. Kf2 Be7 13. Bd3 Bxd3 14. Qxd3 {½-½ (51) Demchenko,A (2588)-Goganov,A (2608) Nizhny Tagil 2014}) 7. cxd4 Nb6 8. Nc3 Nc6 9. Be3 Bf5 10. Nf3 {LiveBook: 4 Partien} e6 11. Be2 a6 $146 ({Vorgänger:} 11... Nc4 12. Bxc4 dxc4 13. O-O Bb4 {1-0 (31) Perez Mitjans,O (2471)-Fluvia Poyatos,J (2467) Barcelona 2012}) 12. O-O h5 13. Bf2 Bg4 14. h3 Bxf3 15. Bxf3 g6 16. Qe2 h4 17. Rfd1 Bh6 18. Be3 Ne7 19. Bg4 Rc8 20. Rac1 Nc4 21. b3 Nxe3 22. Qxe3 Bf8 23. Na4 Rxc1 24. Rxc1 Nc6 25. Nc5 Bxc5 26. dxc5 {[#]} (26. Rxc5 $11 {war der einzige Weg, das Gleichgewicht zu behalten.} O-O 27. a3) 26... Qa5 $1 $17 27. Qc3 Qxa2 (27... Qa3 $17) 28. Ra1 $11 d4 29. Rxa2 ({Besser ist} 29. Qxd4 $1 $15 Qxg2+ 30. Kxg2 Nxd4 31. Rd1) 29... dxc3 $15 {[%mdl 4096] Endspiel KTL-KTS} 30. Rc2 {[#]} g5 $1 {[%mdl 512]} 31. fxg5 Nxe5 32. Rxc3 Rg8 33. Bf3 Nxf3+ ({Schwächer ist} 33... Rxg5 34. Bxb7 Kd7 35. Bxa6 $16) 34. Rxf3 Rxg5 $17 {KT-KT} 35. b4 {[#]} a5 $1 {[%mdl 512]} 36. Rf4 (36. bxa5 Rxc5) 36... axb4 37. Rxh4 Rxc5 38. Rxb4 b5 39. Kf2 Ke7 40. Kf3 f5 41. g4 $1 Kd6 {Schwarz will ...Tc3+ spielen.} 42. Rb1 Rc3+ 43. Kf4 $1 {Die Stellung ist ausgeglichen.} Rc4+ (43... fxg4 {feels hotter.} 44. hxg4 Rc5 45. g5 Rc4+ 46. Kg3 b4) 44. Kg5 fxg4 45. hxg4 b4 46. Kh5 Kc5 47. g5 Rc2 48. g6 Rg2 49. Kh6 e5 50. Re1 Kd4 51. Rb1 Kc4 {Und weiter mit ...b3 wäre nett.} 52. Re1 Kd5 {Droht stark ...b3.} 53. Rb1 Kc5 54. Re1 Kd4 {Droht ...b3 und aus.} 55. Rb1 Kc3 {Weiss muss nun ...b3 beachten.} 56. Re1 Rh2+ 57. Kg5 Rg2+ 58. Kh6 Rh2+ 59. Kg5 Kd4 60. Rb1 Kc4 61. Rg1 {Droht Matt per g7.} Rh8 62. Kf5 b3 {Und ...Te8 würde nun gewinnen.} 63. g7 Rg8 64. Kxe5 b2 {zielt auf ...Txg7! ab.} 65. Kf6 Kd3 66. Kf7 Rxg7+ 67. Kxg7 $11 {KT-KB} Kc2 68. Rg2+ Kb3 69. Rg1 Ka2 70. Rg2 Ka3 71. Rg1 Ka2 72. Rg2 Ka1 73. Rg6 b1=R (73... b1=Q $5 74. Ra6+ $8 Kb2 75. Rb6+ Kc2 76. Rxb1 Kxb1 $11) 74. Ra6+ Kb2 75. Rb6+ Kc2 76. Rxb1 Kxb1 {Precision: Weiß = 71%, Schwarz = 63%.} 1/2-1/2

[Event "36th Balaton GM 2018"]
[Site "Balatonlelle"]
[Date "2018.06.12"]
[Round "1.3"]
[White "Horvath, Dominik"]
[Black "Koksal, Ege"]
[Result "0-1"]
[WhiteElo "2433"]
[BlackElo "2356"]
[Annotator "TA"]
[PlyCount "50"]
[EventDate "2018.06.12"]
[EventType "swiss"]
[EventCountry "HUN"]
[SourceTitle "playchess.com"]
[Source "ChessBase"]
[SourceQuality "1"]

{[%evp 11,50,36,31,-14,0,4,12,0,0,21,12,17,8,8,13,-127,-117,-111,-125,-198,-193,-229,-116,-120,-114,-296,-290,-291,-299,-289,-280,-360,-347,-435,-435,-428,-428,-579,-562,-512,-541]} 1. Nf3 Nf6 {[%cal Bg8f6,Bf6d5,Bd5b4][%mdl 32]} 2. c4 c5 3. Nc3 d5 4. cxd5 Nxd5 5. e4 Nb4 6. d4 {A34: Symmetrical English: 2 Nc3, lines with ...d5} (6. Bc4 Nd3+ 7. Ke2 Nf4+ 8. Kf1 Ne6 9. h4 Nd4 10. d3 e6 11. Bf4 a6 12. Nxd4 cxd4 13. Ne2 Nc6 14. a3 Bd6 15. Bxd6 Qxd6 {0-1 (34) Svidler,P (2751)-Vachier Lagrave,M (2804) Tbilisi 2017}) 6... cxd4 $1 {LiveBook: 8 Games} 7. Bc4 (7. Nxd4 $2 Qxd4 8. Bb5+ Bd7 $19) 7... N8c6 8. a3 {The position is equal.} dxc3 9. Qxd8+ Kxd8 $146 ({Predecessor:} 9... Nxd8 10. axb4 cxb2 11. Bxb2 e6 12. b5 Bb4+ 13. Ke2 O-O {½-½ (36) Buhmann,R (2580)-Heimann,A (2591) Dresden 2017}) 10. axb4 {aiming for b5.} cxb2 11. Bxb2 e6 12. b5 Na5 $1 {[%cal Ra5c4]} 13. Rxa5 (13. Be2 $11) 13... Bb4+ $17 14. Ke2 {And now Ra4 would win.} Bxa5 15. Ne5 (15. Ra1 $17 {was worth a try.} Bb4 16. Bxg7) 15... Ke8 $19 16. b6 {Threatens to win with Ba3.} Bb4 ({Don't play} 16... Bxb6 17. Bb5+ Kf8 18. Ba3+ Kg8 19. Be8 $17) ({Black should play} 16... f6 $19 17. Bb5+ Kf8 18. Ba3+ Kg8) 17. Bb5+ $17 Ke7 18. Rc1 $2 {[#]} (18. Nd3 $17 {only move.} a6 19. Ba4) 18... Bd6 $1 $19 ({And not} 18... axb6 19. Rc7+ Kf8 20. Nxf7 $14) 19. Nc4 {[#]} Bc5 $1 ({Not} 19... Bxh2 20. e5 $11) 20. bxa7 Rxa7 21. Ne5 Ra2 22. Rxc5 {Hoping for Rc7+.} Rxb2+ {Black is clearly winning.} 23. Ke3 b6 24. Nd3 Rb1 25. Rc7+ Kd8 {Precision: White = 21%, Black = 74%.} 0-1

[Event "36th Balaton GM 2018"]
[Site "Balatonlelle"]
[Date "2018.06.12"]
[Round "1.5"]
[White "Akshat, Khamparia"]
[Black "Kavutskiy, Konstantin"]
[Result "0-1"]
[WhiteElo "2403"]
[BlackElo "2397"]
[Annotator "ChessBase"]
[PlyCount "96"]
[EventDate "2018.06.12"]
[EventType "swiss"]
[EventCountry "HUN"]
[SourceTitle "playchess.com"]
[Source "ChessBase"]
[SourceQuality "1"]
[TimeControl "40/5400+30:1800+30"]

1. d4 {[%emt 0:00:05]} Nf6 {[%emt 0:00:36]} 2. c4 {[%emt 0:00:06]} g6 {[%emt 0:00:06]} 3. Nc3 {[%emt 0:00:06]} Bg7 {[%emt 0:00:06]} 4. e4 {[%emt 0:00:04]} d6 {[%emt 0:00:07]} 5. Be2 {[%emt 0:00:06]} O-O {[%emt 0:00:09]} 6. Bg5 {[%emt 0:00:08]} Na6 {[%emt 0:00:46]} 7. f4 {[%emt 0:00:28]} c6 {[%emt 0:00:29]} 8. Nf3 {[%emt 0:00:16]} Nc7 {[%emt 0:01:23]} 9. Bh4 {[%emt 0:00:07]} b5 {[%emt 0:05:22]} 10. e5 {[%emt 0:06:03]} Ng4 {[%emt 0:00:22]} 11. Qd2 {[%emt 0:01:34]} dxe5 {[%emt 0:00:27]} 12. fxe5 {[%emt 0:17:39]} Ne6 {[%emt 0:03:07]} 13. Ne4 {[%emt 0:14:28]} Bh6 {[%emt 0:03:26]} 14. Qc3 {[%emt 0:08:01]} Ne3 {[%emt 0:05:26]} 15. Kf2 {[%emt 0:08:18]} Ng4+ {[%emt 0:06:30]} 16. Kf1 {[%emt 0:01:24]} Nf4 {[%emt 0:12:58]} 17. h3 {[%emt 0:05:55]} Nxe2 {[%emt 0:00:06]} 18. Kxe2 {[%emt 0:00:23]} Ne3 {[%emt 0:00:07]} 19. g4 {[%emt 0:04:44]} Nxc4 {[%emt 0:02:05]} 20. b3 {[%emt 0:03:40]} Nb6 {[%emt 0:09:43]} 21. Qxc6 {[%emt 0:06:50]} Be6 {[%emt 0:00:23]} 22. Qxb5 {[%emt 0:00:37]} Bd5 {[%emt 0:02:07]} 23. Bxe7 {[%emt 0:04:47]} Qxe7 {[%emt 0:10:58]} 24. Nf6+ {[%emt 0:00:05]} Kh8 {[%emt 0:00:04]} 25. Nxd5 {[%emt 0:00:18]} Nxd5 {[%emt 0:03:18]} 26. Qxd5 {[%emt 0:00:05]} Rac8 {[%emt 0:00:37]} 27. Qe4 {[%emt 0:04:42]} f5 {[%emt 0:03:53]} 28. Qd3 {[%emt 0:01:06]} Qb4 {[%emt 0:03:51]} 29. g5 {[%emt 0:04:40]} Rc3 {[%emt 0:00:57]} 30. Qd2 {[%emt 0:01:05]} Qb5+ {[%emt 0:04:31]} 31. Kf2 {[%emt 0:01:07]} Qc6 {[%emt 0:01:21]} 32. d5 {[%emt 0:00:25]} Qc5+ {[%emt 0:00:34]} 33. Kg3 {[%emt 0:00:41]} Bxg5 {[%emt 0:01:40]} 34. Qxg5 {[%emt 0:01:20]} f4+ {[%emt 0:00:15]} 35. Kh2 {[%emt 0:02:39]} Rc2+ {[%emt 0:01:15]} 36. Qg2 {[%emt 0:00:06]} Rxg2+ {[%emt 0:00:08]} 37. Kxg2 {[%emt 0:00:02]} Qc2+ {[%emt 0:01:04]} 38. Kg1 {[%emt 0:00:05]} Rc8 {[%emt 0:02:31]} 39. Rh2 {[%emt 0:00:35]} Qc5+ {[%emt 0:00:59]} 40. Rf2 {[%emt 0:00:00]} Qxd5 {[%emt 0:00:12]} 41. Re1 {[%emt 0:00:30]} Rc6 {[%emt 0:01:41]} 42. Kg2 {[%emt 0:00:13]} Rc3 {[%emt 0:05:01]} 43. Ree2 {[%emt 0:03:11]} Re3 {[%emt 0:01:11]} 44. Rd2 {[%emt 0:00:04]} Qa8 {[%emt 0:01:32]} 45. Rd4 {[%emt 0:01:28]} g5 {[%emt 0:00:13]} 46. Ra4 {[%emt 0:00:16]} h5 {[%emt 0:00:41]} 47. Rc4 {[%emt 0:00:43]} Kg7 {[%emt 0:01:36]} 48. e6 {[%emt 0:01:24]} Kf6 {[%emt 0:01:31]} 0-1

[Event "36th Balaton GM 2018"]
[Site "Balatonlelle"]
[Date "2018.06.13"]
[Round "2.1"]
[White "Fernandez, Daniel Howard"]
[Black "Kavutskiy, Konstantin"]
[Result "1-0"]
[WhiteElo "2485"]
[BlackElo "2397"]
[Annotator "TA"]
[PlyCount "39"]
[EventDate "2018.06.12"]
[EventType "swiss"]
[EventCountry "HUN"]
[SourceTitle "playchess.com"]
[Source "ChessBase"]
[SourceQuality "1"]

{[%evp 9,39,-4,-2,-36,3,-7,10,-24,-14,-19,-19,-19,-19,-24,-16,-29,-4,-8,-8,-14,6,-13,58,42,97,93,260,204,274,257,443,438]} 1. f4 g6 2. e4 d5 3. e5 h5 (3... c5 4. c3 d4 5. Bd3 Nh6 6. Be4 Bg7 7. d3 O-O 8. Nf3 Kh8 9. Qb3 Nc6 10. Bxc6 bxc6 11. cxd4 cxd4 {0-1 (51) Nakamura,H (2802)-Grischuk,A (2781) Stavanger 2015}) 4. c4 $146 ({Predecessor:} 4. d4 Nh6 5. Nf3 Bg4 6. Be3 c6 7. Nbd2 Nf5 8. Bf2 Qb6 9. e6 fxe6 10. Bd3 Bh6 11. h3 Bxf3 12. Qxf3 {0-1 (29) Rybak,M (2420)-Murden,C (2437) ICCF email 2014}) 4... d4 5. Nf3 Nh6 6. b4 {B06: Modern Defence} Nf5 7. Bd3 e6 8. b5 {The position is equal.} a6 9. Bb2 axb5 10. cxb5 c5 11. Na3 Nd7 12. Nc4 Nb6 13. Nxb6 Qxb6 14. a4 h4 15. Kf2 Qc7 ({Black should play} 15... Qd8 $11) 16. Be4 $36 {[%mdl 2048] White has some pressure.} Bh6 (16... h3 $14) 17. g3 $16 f6 $2 (17... d3 $16) 18. Qc2 O-O {[#]} 19. Nxd4 $1 {[%mdl 512]} Ne7 $2 (19... Bg7 {was necessary.} 20. exf6 Bxf6) (19... cxd4 20. Qxc7) 20. exf6 {Precision: White = 68%, Black = 33%.} 1-0

[Event "36th Balaton GM 2018"]
[Site "Balatonlelle"]
[Date "2018.06.13"]
[Round "2.2"]
[White "Erturan, Yakup"]
[Black "Akshat, Khamparia"]
[Result "1/2-1/2"]
[WhiteElo "2384"]
[BlackElo "2403"]
[Annotator "ChessBase"]
[PlyCount "30"]
[EventDate "2018.06.12"]
[EventType "swiss"]
[EventCountry "HUN"]
[SourceTitle "playchess.com"]
[Source "ChessBase"]
[SourceQuality "1"]
[TimeControl "40/5400+30:1800+30"]

1. e4 {[%emt 0:00:07]} c5 {[%emt 0:02:04]} 2. Nf3 {[%emt 0:00:24]} Nc6 {[%emt 0:00:11]} 3. d4 {[%emt 0:00:17]} cxd4 {[%emt 0:00:12]} 4. Nxd4 {[%emt 0:00:05]} g6 {[%emt 0:00:41]} 5. c4 {[%emt 0:00:23]} Bg7 {[%emt 0:00:06]} 6. Be3 {[%emt 0:00:05]} Nf6 {[%emt 0:00:13]} 7. Nc3 {[%emt 0:00:06]} Ng4 {[%emt 0:00:13]} 8. Qxg4 {[%emt 0:00:06]} Nxd4 {[%emt 0:00:03]} 9. Qd1 {[%emt 0:00:11]} Ne6 {[%emt 0:00:06]} 10. Qd2 {[%emt 0:01:03]} O-O {[%emt 0:02:54]} 11. Rc1 {[%emt 0:02:22]} b6 {[%emt 0:03:34]} 12. Be2 {[%emt 0:00:26]} Bb7 {[%emt 0:00:49]} 13. O-O {[%emt 0:00:25]} Nc5 {[%emt 0:02:12]} 14. f3 {[%emt 0:01:09]} a5 {[%emt 0:00:48]} 15. b3 {[%emt 0:03:31]} f5 {[%emt 0:04:58]} 1/2-1/2

[Event "36th Balaton GM 2018"]
[Site "Balatonlelle"]
[Date "2018.06.13"]
[Round "2.3"]
[White "Koksal, Ege"]
[Black "Czebe, Attila"]
[Result "1-0"]
[WhiteElo "2356"]
[BlackElo "2419"]
[Annotator "TA"]
[PlyCount "67"]
[EventDate "2018.06.12"]
[EventType "swiss"]
[EventCountry "HUN"]
[SourceTitle "playchess.com"]
[Source "ChessBase"]
[SourceQuality "1"]

{[%evp 18,67,20,24,30,31,49,-2,37,30,41,35,35,26,24,20,25,14,19,23,20,12,16,18,0,0,0,0,0,0,0,-5,0,0,9,0,0,0,8,8,8,6,66,67,215,215,298,213,945,934,693,693]} 1. d4 d6 2. Nf3 g6 3. c4 Bg7 4. Nc3 Bg4 5. e3 c5 6. Be2 Nf6 7. h3 Bf5 8. O-O O-O 9. b3 Ne4 10. Bb2 {LiveBook: 3 Games} Nxc3 {E61: King's Indian: Early deviations for White, including Smyslov System} 11. Bxc3 Nc6 12. Rc1 $146 (12. Qd2 $14) ({Predecessor:} 12. Qd2 cxd4 13. Nxd4 Nxd4 14. Bxd4 Bxd4 15. Qxd4 Qa5 16. Rfd1 Qc5 17. Qxc5 dxc5 18. Rd5 {1-0 (50) Arngrimsson,D (2397)-Czebe,A (2458) Budapest 2013}) 12... cxd4 {The position is equal.} 13. Nxd4 Nxd4 14. Bxd4 Qa5 15. Bxg7 Kxg7 16. Qd4+ Kg8 17. Qb2 Rac8 18. Rfd1 Be6 19. Bf3 b5 20. cxb5 Qxb5 21. Rxc8 (21. Bg4 {is more complex.} Bxg4 22. hxg4 f6 23. f3 h5 24. gxh5 Qxh5 25. Rd4) 21... Rxc8 22. Rc1 Rxc1+ 23. Qxc1 Qa5 24. Qb2 Qe1+ 25. Kh2 Qf1 26. Qd4 Qxf2 27. Qxa7 h5 28. Qxe7 Qxa2 29. b4 {[%cal Bb3b4,Bb4b5][%mdl 32]} Qa6 (29... Qd2 $1 $11) 30. Qe8+ $14 Kg7 {[#]} (30... Kh7 $1 $14) 31. Qc6 $1 $18 {[%cal Rc6a6]} Qxc6 32. Bxc6 Bb3 $2 (32... Kf8 33. b5 Ke7) 33. b5 Ba4 34. Bd7 {Precision: White = 66%, Black = 24%.} 1-0

[Event "36th Balaton GM 2018"]
[Site "Balatonlelle"]
[Date "2018.06.13"]
[Round "2.4"]
[White "Soham Das"]
[Black "Horvath, Dominik"]
[Result "1/2-1/2"]
[WhiteElo "2355"]
[BlackElo "2433"]
[Annotator "TA"]
[PlyCount "88"]
[EventDate "2018.06.12"]
[EventType "swiss"]
[EventCountry "HUN"]
[SourceTitle "playchess.com"]
[Source "ChessBase"]
[SourceQuality "1"]

{[%evp 17,88,19,27,20,19,33,33,9,25,0,0,0,0,0,0,-54,39,18,169,166,164,90,197,149,251,260,246,251,264,250,245,195,189,189,212,215,210,210,219,219,241,146,142,41,43,-66,50,-89,0,6,70,74,113,132,145,15,649,0,0,0,0,0,0,-84,-85,-72,-72,-70,0,0,0,0,0]} 1. e4 e5 2. Nf3 Nc6 3. Bc4 Bc5 4. c3 Nf6 5. d3 a6 6. O-O Ba7 7. Nbd2 d6 8. Bb3 O-O 9. Re1 Ng4 10. Re2 {C54: Giuoco Piano: 4 c3 Nf6, main lines with 5 d4 and 5 d3} Kh8 11. h3 f5 12. exf5 $1 {White is slightly better.} Nh6 13. g4 Nxf5 14. gxf5 Bxf5 15. Ne4 Bxh3 (15... d5 16. Ng3 Bxh3 17. Bg5 Qd6 {½-½ (67) Socko,B (2600)-Banusz,T (2621) Katowice 2016}) 16. Nh2 $146 (16. Nfg5 $11 Bg4 17. Kh1) ({Predecessor:} 16. Nfg5 Bg4 17. Kh1 d5 {½-½ (54) Stolz,S (2233)-Khan,V (2155) LSS email 2014}) 16... Qh4 (16... d5 $15 17. Ng5 Bf5) 17. Be3 $14 Bg4 $2 (17... Bxe3 $11 18. Rxe3 (18. fxe3 Ne7 $11) 18... Rf4) 18. Nxg4 $18 Qxg4+ 19. Kf1 (19. Ng3 $18) 19... Rf3 (19... Qh4 $16 20. Kg1 Rad8) 20. Ke1 Ne7 (20... d5 $16 21. Bxa7 (21. Bxd5 Rd8 $16) 21... Nxa7 22. Bxd5 Rd8) 21. Bxa7 Rxa7 22. Re3 $1 {[%cal Re3f3]} Rxe3+ 23. fxe3 Qg2 24. Nf2 Ra8 {Strongly threatening ...Rf8.} 25. Qg4 Qh2 26. Ke2 {Rh1 is the strong threat.} Rf8 27. Qg1 $1 {[%cal Rg1h2]} Qh5+ 28. Kd2 Nf5 29. Bd1 Qh4 30. Ne4 (30. Bg4 $16) 30... d5 $14 31. Ng5 (31. Nf2 $14) 31... d4 ({Black should play} 31... Ng3 $1 $15 32. Ne6 (32. Nf3 Qg4 $15) 32... Rf1) 32. Nf3 (32. cxd4 $14 exd4 33. exd4) 32... Qh6 (32... dxe3+ $17 33. Qxe3 Nxe3 34. Nxh4 Nxd1 35. Rxd1 g5) 33. Qg5 Qb6 (33... dxe3+ $11 34. Kc2 Qxg5 35. Nxg5 Ng3) 34. Bb3 h6 35. Rh1 dxe3+ {[#]} 36. Ke2 ({Better is} 36. Ke1 $1 $16 Qd6 37. Nh4 Nxh4 38. Rxh4) 36... Qc6 $2 {[%mdl 8192]} (36... Qd6 $11 37. Rh3 c5) 37. Rh3 $2 ({White must play} 37. Nxe5 $18 Qf6 38. Ng6+ Kh7 39. Nxf8+ Qxf8 40. Bd5) 37... e4 $1 $11 {[%cal Re4f3]} 38. Ne5 $1 {[%cal Re5g6]} exd3+ 39. Nxd3 Qd7 40. Qh5 {[#]} ({But not} 40. Rh5 Qb5 $17) (40. Qg2 $11 {remains equal.}) 40... c5 $1 $17 {[%mdl 512] Threatens to win with ...Rd8.} 41. Rxe3 (41. Nxc5 Qd2+) 41... Nxe3 42. Ne5 {White threatens Ng6+ and mate.} Rf5 ({Black should try} 42... Qb5+ $15 43. Kxe3 Qe8 44. Qxe8 Rxe8) 43. Kxe3 $11 {aiming for Nf7+.} Rxh5 44. Ng6+ Kh7 {Precision: White = 47%, Black = 33%.} 1/2-1/2

[Event "36th Balaton GM 2018"]
[Site "Balatonlelle"]
[Date "2018.06.13"]
[Round "2.5"]
[White "Li, Bo"]
[Black "Varga, Zoltan"]
[Result "0-1"]
[WhiteElo "2333"]
[BlackElo "2470"]
[Annotator "TA"]
[PlyCount "114"]
[EventDate "2018.06.12"]
[EventType "swiss"]
[EventCountry "HUN"]
[SourceTitle "playchess.com"]
[Source "ChessBase"]
[SourceQuality "1"]

{[%evp 20,114,21,22,27,25,143,135,172,165,153,135,454,253,247,180,191,95,118,84,174,179,171,123,130,127,153,118,91,111,99,61,224,222,188,222,184,230,226,217,218,214,210,220,207,216,160,47,209,216,197,153,153,29,30,8,8,0,0,0,0,0,0,0,0,0,0,-495,-456,-493,-470,-3791,-3791,-1563,-1563,-2525,-2395,-1278,-1194,-6567,-6083,-29978,-29979,-29979,-29980,-29980,-29981,-29981,-29982,-29982,-29983,-29983,-29984,-29984,-29985,-29985,-29986]} 1. d4 d5 2. c4 dxc4 3. Nf3 a6 4. a4 Nf6 5. e3 e6 6. Bxc4 c5 7. O-O Nc6 8. Nc3 cxd4 9. exd4 Nb4 10. Bg5 Be7 11. Qb3 {LiveBook: 3 Games. D27: Queen's Gambit Accepted: Classical main line: 7 e4!? and 7 a4} (11. Ne5 O-O 12. Bb3 h6 13. Be3 Nbd5 14. Qd3 Bd7 15. Nxd5 exd5 16. Nxd7 Qxd7 17. Bf4 Rfe8 18. Be5 Rac8 {½-½ (41) Liang,A (2408)-Chandra,A (2464) Saint Louis 2016}) 11... Nc6 12. Rad1 Nd5 $146 (12... Na5 $11 {remains equal.} 13. Qa2 O-O) ({Predecessor:} 12... Na5 13. Qa2 Nxc4 14. Qxc4 O-O 15. d5 exd5 16. Nxd5 Be6 17. Nxe7+ Qxe7 {½-½ (17) Mai,I-Wagner Michel,A (2080) Eilenburg 1984}) 13. Bxd5 $16 {White is clearly better.} Bxg5 14. Be4 Na5 15. Qc2 $1 {Hoping for d5.} f5 $2 {[%mdl 8192]} (15... Bf6 $16) 16. Nxg5 (16. d5 $142) 16... Qxg5 $18 17. Bf3 {aiming for d5.} O-O 18. Qe2 (18. d5 $18 {and White stays clearly on top.}) 18... Qf6 19. Rfe1 Kh8 (19... Bd7 $16 {might work better.}) 20. d5 {[%cal Rd5e6]} Re8 21. dxe6 Bxe6 22. Rd6 Bd7 23. Rxf6 {White wants to mate with Qxe8+!} Rxe2 24. Rxe2 gxf6 25. Re7 Re8 $2 (25... Rd8 $1 $14) 26. Rxe8+ Bxe8 {[%mdl 4096] Endgame KBN-KBN} 27. b4 Nc6 28. Bxc6 $1 Bxc6 {KB-KN} 29. f3 $1 Kg7 30. Kf2 Kf7 31. Ke3 $1 Ke6 32. Kd4 $1 Kd6 {[#]} 33. h4 (33. a5 $1 $16) 33... b6 $2 {[#]} (33... h6 $14) 34. a5 $1 bxa5 35. bxa5 h6 36. Ne2 (36. h5 $16) 36... Be8 $1 $11 37. Ng3 Bg6 $1 38. Nf1 Kc6 39. Ne3 Kb5 40. Nd5 Kxa5 41. Kc5 Ka4 42. Nxf6 a5 {[%cal Ba6a5,Ba5a4,Ba4a3][%mdl 32] Threatens to win with ...Kb3.} 43. h5 $2 {[%mdl 8192]} (43. Kc4 $11) 43... Bf7 $19 44. g4 Kb3 45. Nd7 (45. g5 $142 hxg5 46. h6) 45... fxg4 46. fxg4 a4 47. Kd4 a3 48. Nc5+ Kc2 {And now ...a2 would win.} 49. Nd3 Be6 50. Nb4+ Kb3 {Black mates.} 51. Nd3 Bxg4 52. Nc1+ Kc2 53. Na2 Bxh5 54. Nb4+ Kb3 55. Nd3 Bg6 56. Nc5+ Kc2 57. Na6 h5 {Precision: White = 42%, Black = 59%.} 0-1